LEADER 06042nam 2200781 450 001 9910494577603321 005 20170822132051.0 010 $a90-272-6853-3 035 $a(CKB)3710000000441647 035 $a(EBL)2083572 035 $a(SSID)ssj0001516594 035 $a(PQKBManifestationID)12630087 035 $a(PQKBTitleCode)TC0001516594 035 $a(PQKBWorkID)11495105 035 $a(PQKB)11572518 035 $a(PQKBManifestationID)16037695 035 $a(PQKB)24615848 035 $a(MiAaPQ)EBC2083572 035 $a(DLC) 2015011370 035 $a(EXLCZ)993710000000441647 100 $a20150715h20152015 uy 0 101 0 $aeng 135 $aur|n|---||||| 181 $ctxt 182 $cc 183 $acr 200 14$aThe acquisition of Italian $emorphosyntax and its interfaces in different modes of acquisition /$fAdriana Belletti, Maria Teresa Guasti 210 1$aAmsterdam, Netherlands ;$aPhiladelphia, Pennsylvania :$cJohn Benjamins Publishing Company,$d2015. 210 4$dİ2015 215 $a1 online resource (340 p.) 225 1 $aLanguage Acquisition and Language Disorders,$x2213-428X ;$vVolume 57 300 $aDescription based upon print version of record. 311 $a90-272-5319-6 320 $aIncludes bibliographical references and index. 327 $aThe Acquisition of Italian; Editorial page; Title page; LCC data; Table of contents; Aknowledgements; Introduction; The different modes of acquisition; Some general assumptions of linguistic analysis; The acquisition of verb inflections and clause structure; 1.1 Introduction; 1.2 Acquisition of verbal tenses; 1.3 Acquisition of present tense inflections; 1.4 The process of subject-verb agreement; 1.5 Acquisition of the finite versus infinitive verb distinction; 1.6 Why aren't there any root infinitives in early Italian?; 1.7 Imperatives as the Italian analogue of root infinitives; 1.8 Copula 327 $a1.8.1 Descriptive facts and generalizations1.8.2 An account of the declarative versus wh-question asymmetry in copula omission; 1.8.3 The copula in negative contexts; 1.9 Compound tenses and optional past participles; 1.10 Past participles: Verbal or adjectival nature?; 1.11 Regular and irregular past participles and past definite; 1.12 The 'imperfetto'; 1.13 Acquisition of verb inflections in children with SLI and Developmental Dyslexia; Summary and questions for future research; The acquisition of articles and aspects of nominal inflection; 2.1 Introduction 327 $a2.2 The L1 acquisition of articles2.3 Article use in Italian keeping an eye on the crosslinguistic dimension; 2.4 Article omission and phonological constraints; 2.5 Article omission and the syntactic context: The subject-object asymmetry in Italian; 2.6 An attempt towards a multi-facet explanation; 2.7 Article omission in non-initial positions: Complement of prepositions; 2.8 Acquisition of articles in the bilingual children and adult L2 learners; 2.9 Article omission in children with Specific Language Impairment 327 $a2.10 The acquisition of nominal inflection in children with typical development and in children with SLI2.11 Morphological derivation: The diminutive; Summary and questions for future research; The acquisition of pronominal clitics; 3.1 Introduction; 3.2 Clitics in L1 Italian; 3.2.1 Clitic omission in early Italian productions; 3.2.2 Is the unexpressed object an omitted clitic or a null-object?; 3.2.3 Italian clitics and past participle agreement; 3.3 Clitics in L2: Bilingual/Child L2 Italian and Adult L2 Italian; 3.4 Italian clitics in atypical development; 3.4.1 Clitics in SLI 327 $aClitics as markers of language impairment3.4.2 Clitics in children with cochlear implant; 3.4.3 Clitics in children with Developmental Dyslexia; 3.5 The comprehension of object clitics by monolingual children acquiring Italian; Summary and questions for future research; The acquisition of relative clauses; 5.1 Introduction; 5.2 Production; 5.2.1 The production of subject and object relatives in typically developing children; 5.2.2 The production of Passive Object Relatives in children; 5.2.3 The production of Passive Object Relatives in adults in comparison with children of different ages 327 $a5.2.4 The position and nature of the subject in the object relatives produced by children 330 $aA major contribution to the study of language acquisition and language development inspired by theoretical linguistics has been made by research on the acquisition of Italian syntax. This book offers an updated overview of results from theory-driven experimental and corpus-based research on the acquisition of Italian in different modes (monolingual, early and late L2, SLI, etc.), as well as exploring possible developments for future research. The book focuses on experimental studies which address research questions generated by linguistic theory, providing a detailed illustration of the fruitf 410 0$aLanguage acquisition & language disorders ;$vVolume 57. 606 $aItalian language$xAcquisition 606 $aItalian language$xMorphology 606 $aItalian language$xSyntax 606 $aLanguage acquisition$xAudio-visual aids 606 $aLanguage awareness 606 $aGrammar, Comparative and general$xPhonology 606 $aMultimedia communications 606 $aPhonetics 608 $aElectronic books. 615 0$aItalian language$xAcquisition. 615 0$aItalian language$xMorphology. 615 0$aItalian language$xSyntax. 615 0$aLanguage acquisition$xAudio-visual aids. 615 0$aLanguage awareness. 615 0$aGrammar, Comparative and general$xPhonology. 615 0$aMultimedia communications. 615 0$aPhonetics. 676 $a455 700 $aBelletti$b Adriana$0174181 801 0$bMiAaPQ 801 1$bMiAaPQ 801 2$bMiAaPQ 906 $aBOOK 912 $a9910494577603321 996 $aThe acquisition of Italian$92484556 997 $aUNINA LEADER 05546oam 2200529 450 001 9910735384903321 005 20190911103509.0 010 $a1-4302-6074-2 024 7 $a10.1007/978-1-4302-6074-5 035 $a(OCoLC)870509112 035 $a(MiFhGG)GVRL6VSM 035 $a(EXLCZ)993710000000018998 100 $a20140514d2013 uy 0 101 0 $aeng 135 $aurun|---uuuua 181 $ctxt 182 $cc 183 $acr 200 10$aPractical Ext JS 4 /$fPrabhu Sunderaraman 205 $a1st ed. 2013. 210 1$aNew York :$cApress,$d2013. 215 $a1 online resource (xx, 211 pages) $cillustrations (some color) 225 0 $aThe expert's voice in web development Practical Ext JS 4 300 $a"Use the Ext JS framework to create powerful rich Internet applications"--Cover. 300 $aIncludes index. 311 $a1-4302-6073-4 327 $a""Contents at a Glance""; ""Contents""; ""About the Author""; ""About the Technical Reviewer""; ""Acknowledgments""; ""Introduction""; ""Chapter 1: Core JavaScript and JavaScript Frameworks""; ""JavaScript Frameworks""; ""JavaScript Language Features""; ""The Arguments Keyword""; ""Use of Arguments in Ext JS 4""; ""Functions""; ""Use of Higher-Order Functions in Ext JS 4""; ""Classes in JavaScript""; ""Use of Classes in Ext JS 4""; ""JSON""; ""Use of JSON in Ext JS 4""; ""Summary""; ""Chapter 2: Overview of Ext JS 4""; ""Downloading Ext JS 4""; ""Getting Started With Ext JS 4"" 327 $a""IDE for Ext JS 4 Development""""Hello World With Ext JS 4""; ""Summary""; ""Chapter 3: Understanding the Ext JS 4 API""; ""Structure of the API""; ""Classes and Objects""; ""Constructor""; ""Property""; ""Config""; ""Methods""; ""Static Members""; ""Inheritance""; ""Mixins""; ""Alias""; ""Singleton""; ""Loading Dependencies""; ""Ext.Class""; ""The Ext JS 4 API""; ""Summary""; ""Chapter 4: Controls and Layout""; ""Ext.Component""; ""Configuration attributes of Ext.Component""; ""id""; ""itemId""; ""autoEl""; ""listeners""; ""renderTo""; ""hidden, disabled""; ""tpl, data"" 327 $a""Methods in Ext.Component""""up""; ""enable, disable""; ""show, hide""; ""destroy""; ""on, un""; ""addEvents, fireEvent""; ""Events in Ext.Component""; ""xtype""; ""Ext.container.Container""; ""Configuration Attributes of Ext.container.Container""; ""items""; ""layout""; ""defaults""; ""Some Methods in Container class.Methods of Ext.container.Container""; ""add""; ""doLayout""; ""down""; ""remove""; ""Events of Ext.container.Container""; ""Container Controls""; ""Ext.panel.Panel""; ""Ext.window.Window""; ""Ext.menu.Menu""; ""Ext.tab.Panel""; ""Ext.form.Panel""; ""Ext.toolbar.Toolbar"" 327 $a""Ext.toolbar.TextItem (tbtext)""""Ext.toolbar.Separator (tbseparator)""; ""Ext.toolbar.Spacer (tbspacer)""; ""Ext.toolbar.Fill (tbfill)""; ""Ext.toolbar.Paging (pagingtoolbar)""; ""Ext.container.Viewport""; ""Layout Controls""; ""Auto Layout""; ""Fit Layout""; ""Anchor Layout""; ""Box Layout""; ""Accordion Layout""; ""Table Layout""; ""Column Layout""; ""Border Layout""; ""Card Layout""; ""Summary""; ""Chapter 5: Working with Data""; ""Ext.data package""; ""Ext.data.Connection, Ext.data.Request""; ""Ext.data.Model""; ""Ext.data.Field""; ""Ext.data.validations"" 327 $a""Ext.data.association.Association""""Ext.data.Store""; ""Events in Store""; ""Ext.data.Reader""; ""Ext.data.proxy.Proxy""; ""Ajax Proxy""; ""REST proxy""; ""Ext.data.Writer""; ""JsonP Proxy""; ""LocalStorage and SessionStorage""; ""Summary""; ""Chapter 6: Data Controls""; ""Ext.XTemplate""; ""ComboBox""; ""editable""; ""typeAhead, typeAheadDelay""; ""multiSelect, delimiter""; ""queryMode, queryDelay, queryCaching""; ""bindStore""; ""collapse, expand""; ""findRecord, findRecordByDisplay, findRecordByValue""; ""select""; ""change""; ""Grid""; ""Grid Columns""; ""Grid Plugins"" 327 $a""Ext.grid.plugin.Editing"" 330 $aPractical Ext JS 4 will get you up and running, using Ext JS 4.2 for your projects, as quickly as possible. After a quick refresher on some JavaScript basics, you will get to grips with Ext JS 4?s OO concepts (such as mixins) and familiarize yourself with its UI components and layout. You'll learn all the core features of the Ext JS framework, such as its MVC architecture, theming and styling your applications, and displaying data through components such as grids, trees, and charts. You'll use the Ext JS components and create an entire application from scratch by following the many practical examples. Finally, you'll learn about unit testing and packaging to build and deploy better applications.     Provides you with a solid knowledge of the building blocks of Ext JS 4 Takes you through developing applications using the MVC architecture Demonstrates extending the UI with custom components and plugins Shows you how to unit test Ext JS 4 applications with Jasmine and deploy them with Sencha Cmd Completely up-to-date for the latest Ext JS 4.2. 410 0$aExpert's voice in Web development. 606 $aJavaScript (Computer program language) 606 $aApplication software$xDevelopment 615 0$aJavaScript (Computer program language) 615 0$aApplication software$xDevelopment. 676 $a004 676 $a006.76 700 $aSunderaraman$b Prabhu$4aut$4http://id.loc.gov/vocabulary/relators/aut$01377127 801 0$bMiFhGG 801 1$bMiFhGG 906 $aBOOK 912 $a9910735384903321 996 $aPractical Ext JS 4$93413753 997 $aUNINA